[Event "Titled Tue 3rd Jan Late"]
[Site "chess.com INT"]
[Date "2025.06.03"]
[Round "9"]
[White "Schnaider, Ilan"]
[Black "Robert, Yoann"]
[Result "1-0"]
[WhiteTitle "IM"]
[BlackTitle "CM"]
[WhiteElo "2388"]
[BlackElo "2198"]
[WhiteFideId "169013"]
[BlackFideId "36018805"]
[EventDate "2025.06.03"]

1. e4 c5 2. Nf3 Nc6 3. d4 cxd4 4. Nxd4 Nf6 5. Nc3 e5 6. Ndb5 d6 7. Nd5 Nxd5 8.
exd5 Ne7 9. c4 Nf5 10. Qa4 Bd7 11. Qb4 a6 12. Nc3 Nd4 13. Bd3 Qc7 14. O-O Be7
15. Be3 Nf5 16. Bb6 Qc8 17. a4 O-O 18. a5 Nh4 19. Ne4 Qb8 20. c5 dxc5 21. Bxc5
Bxc5 22. Nxc5 Qd6 23. Qxh4 Qxc5 24. Qxh7# 1-0

[Event "Titled Tue 3rd Jan Late"]
[Site "chess.com INT"]
[Date "2025.06.03"]
[Round "9"]
[White "Diaz Cesar, Wilsaida Pieranlly"]
[Black "Kiseleva, Arina"]
[Result "0-1"]
[WhiteTitle "WFM"]
[BlackTitle "WCM"]
[WhiteElo "1892"]
[BlackElo "1994"]
[WhiteFideId "6403557"]
[BlackFideId "4164989"]
[EventDate "2025.06.03"]

1. e4 c6 2. d4 d5 3. e5 Bf5 4. h4 h5 5. c4 e6 6. Nc3 Bb4 7. Nf3 Ne7 8. a3 Bxc3+
9. bxc3 Qa5 10. Qb3 Nd7 11. Bd2 Qb6 12. Qxb6 axb6 13. Be2 dxc4 14. Bxc4 b5 15.
Bb3 Nb6 16. Bg5 Ned5 17. Kd2 Kd7 18. Rhe1 Ra6 19. Be3 Rha8 0-1

[Event "Titled Tue 3rd Jan Late"]
[Site "chess.com INT"]
[Date "2025.06.03"]
[Round "9"]
[White "Materia, Marco"]
[Black "Yanev, Tihomir"]
[Result "1-0"]
[WhiteTitle "IM"]
[BlackTitle "IM"]
[WhiteElo "2489"]
[BlackElo "2354"]
[WhiteFideId "45150451"]
[BlackFideId "2910110"]
[EventDate "2025.06.03"]

1. Nf3 Nf6 2. c4 e6 3. b3 b6 4. Bb2 Bb7 5. g3 c5 6. Bg2 Be7 7. O-O O-O 8. Nc3
Nc6 9. d4 cxd4 10. Nxd4 Qb8 11. Nc2 Rd8 12. e4 d6 13. Qe2 a6 14. Rfd1 Qa7 15. a4
Rac8 16. Ne3 Qa8 17. Ba3 Ne5 18. f4 Ng6 19. e5 dxe5 20. Bxe7 Nxe7 21. fxe5 Nd7
22. Bxb7 Qxb7 23. Ng4 Nc5 24. b4 Nb3 25. Rxd8+ Rxd8 26. Rd1 Nd4 27. Qf2 Nef5 28.
Ne3 Nf3+ 29. Qxf3 1-0

[Event "Titled Tue 3rd Jan Late"]
[Site "chess.com INT"]
[Date "2025.06.03"]
[Round "9"]
[White "Gurevich, Dmitry"]
[Black "Cagliumi, Rodrigo Cesar"]
[Result "1-0"]
[WhiteTitle "GM"]
[WhiteElo "2347"]
[BlackElo "2121"]
[WhiteFideId "2000407"]
[BlackFideId "2109573"]
[EventDate "2025.06.03"]

1. d4 d5 2. c4 e6 3. Nc3 Nf6 4. Bf4 Bd6 5. Bg3 c6 6. e3 O-O 7. Qc2 Qe7 8. a3
Nbd7 9. Nf3 e5 10. cxd5 cxd5 11. Nb5 Bb8 12. Nc7 Bxc7 13. Qxc7 Ne8 14. Qc3 e4
15. Nd2 Ndf6 16. Be2 Bd7 17. O-O Rc8 18. Qa5 a6 19. Rfc1 Bc6 20. Qc5 Qd7 21. Nb3
Nc7 22. Qb6 Na8 23. Qa7 b5 24. Qxd7 Nxd7 25. Na5 1-0

[Event "Titled Tue 3rd Jan Late"]
[Site "chess.com INT"]
[Date "2025.06.03"]
[Round "9"]
[White "Ngo, Quang Thai"]
[Black "Vila Dupla, Aurelio"]
[Result "1-0"]
[BlackTitle "FM"]
[WhiteElo "2341"]
[BlackElo "2056"]
[WhiteFideId "12403768"]
[BlackFideId "2203383"]
[EventDate "2025.06.03"]

1. c4 Nf6 2. g3 c6 3. Bg2 d5 4. d4 g6 5. Nf3 Bg7 6. O-O O-O 7. a4 Bf5 8. a5 Na6
9. Qb3 Qc8 10. cxd5 cxd5 11. Nc3 Bh3 12. Bf4 Bxg2 13. Kxg2 Nh5 14. Nxd5 e6 15.
Ne7+ 1-0

[Event "Titled Tue 3rd Jan Late"]
[Site "chess.com INT"]
[Date "2025.06.03"]
[Round "9"]
[White "Loskutova, Viktoriya"]
[Black "Zieba, Hubert"]
[Result "0-1"]
[WhiteTitle "WFM"]
[BlackTitle "CM"]
[WhiteElo "2066"]
[BlackElo "2233"]
[WhiteFideId "34166278"]
[BlackFideId "21844704"]
[EventDate "2025.06.03"]

1. e4 c5 2. Nf3 Nc6 3. Bb5 e5 4. O-O Nge7 5. c3 g6 6. d4 exd4 7. cxd4 cxd4 8.
Nxd4 Bg7 9. Be3 O-O 10. Nc3 d5 11. exd5 Nxd5 12. Nxc6 bxc6 13. Bxc6 Nxe3 14.
Qxd8 Rxd8 15. Bxa8 Nxf1 16. Bd5 Bxc3 0-1

[Event "Titled Tue 3rd Jan Late"]
[Site "chess.com INT"]
[Date "2025.06.03"]
[Round "9"]
[White "Chelly, Yahya"]
[Black "Hadzovic, Amir"]
[Result "0-1"]
[WhiteTitle "CM"]
[BlackTitle "FM"]
[WhiteElo "2039"]
[BlackElo "2354"]
[WhiteFideId "5516200"]
[BlackFideId "14402300"]
[EventDate "2025.06.03"]

1. d4 d6 2. c4 e5 3. Nf3 e4 4. Nfd2 f5 5. g3 Nf6 6. Bg2 g6 7. b3 Bg7 8. Nc3 O-O
9. Bb2 c5 10. e3 Nc6 11. dxc5 dxc5 12. O-O Ne5 13. Ne2 Nd3 14. Bc3 Qe7 15. Nf4
Nxf4 16. gxf4 Be6 17. Rc1 Rad8 18. Qc2 Rd3 19. Qb2 Rfd8 20. Rfd1 Ng4 21. h3 Nxf2
22. Kxf2 Qh4+ 23. Kg1 Bxc3 24. Rxc3 Qg3 25. Rxd3 Rxd3 26. Re1 Qxe1+ 27. Nf1 Qc3
28. a3 0-1

[Event "Titled Tue 3rd Jan Late"]
[Site "chess.com INT"]
[Date "2025.06.03"]
[Round "9"]
[White "Sethuraman, Roshan"]
[Black "Zlatkov, Anton"]
[Result "1-0"]
[BlackTitle "FM"]
[WhiteElo "2074"]
[BlackElo "2322"]
[WhiteFideId "30965250"]
[BlackFideId "15005402"]
[EventDate "2025.06.03"]

1. e4 c5 2. Nf3 a6 3. c3 Nf6 4. e5 Nd5 5. d4 cxd4 6. cxd4 d6 7. Bc4 Nb6 8. Bb3
Nc6 9. O-O d5 10. Nc3 Bg4 11. Be3 e6 12. h3 Bh5 13. Rc1 Be7 14. Qe2 Rc8 15. Rfd1
Na5 16. Na4 O-O 17. Nc5 Bxc5 18. dxc5 Nxb3 19. axb3 Nd7 20. Bd4 Qc7 21. Re1 Qa5
22. Qd2 Qb5 23. Qe3 Bxf3 24. gxf3 Rc6 25. Rc3 Rfc8 26. Rec1 R6c7 27. f4 g6 28.
Kh2 Nb8 29. h4 h5 30. f5 exf5 31. e6 Nc6 32. Bf6 d4 33. Qh6 fxe6 34. Rg3 Ne7 35.
Qg7# 1-0

[Event "Titled Tue 3rd Jan Late"]
[Site "chess.com INT"]
[Date "2025.06.03"]
[Round "9"]
[White "Shapiro, Daniel"]
[Black "Munoz Ramos, Christopher"]
[Result "0-1"]
[WhiteTitle "FM"]
[BlackTitle "FM"]
[WhiteElo "2284"]
[BlackElo "2133"]
[WhiteFideId "2001780"]
[BlackFideId "3439615"]
[EventDate "2025.06.03"]

1. d4 d5 2. c4 dxc4 3. e4 Nf6 4. e5 Nd5 5. Bxc4 e6 6. Nf3 Be7 7. O-O O-O 8. a3
a6 9. Nbd2 b5 10. Bd3 Bb7 11. Ne4 Nd7 12. b4 a5 13. bxa5 Rxa5 14. Bc2 c5 15.
dxc5 Nxc5 16. Nxc5 Bxc5 17. Qd3 g6 18. Ng5 Be7 19. Ne4 Nb4 20. Qxd8 Rxd8 21. Bb1
Nd3 22. Be3 Bxe4 0-1

[Event "Titled Tue 3rd Jan Late"]
[Site "chess.com INT"]
[Date "2025.06.03"]
[Round "9"]
[White "FAWOLE, John Oyeyemi"]
[Black "Md Imran"]
[Result "0-1"]
[WhiteTitle "FM"]
[BlackTitle "IM"]
[WhiteElo "1987"]
[BlackElo "2472"]
[WhiteFideId "8501319"]
[BlackFideId "25748580"]
[EventDate "2025.06.03"]

1. e4 c6 2. d4 d5 3. Bd3 dxe4 4. Bxe4 Nf6 5. Bf3 g6 6. Ne2 Bg7 7. O-O O-O 8. c3
Na6 9. Bf4 Nc7 10. Nd2 Ncd5 11. Bg3 a5 12. a4 b6 13. Nc4 Ba6 14. Ne5 Rc8 15. Re1
e6 16. Nf4 Nxf4 17. Bxf4 Nd5 18. Bd2 c5 19. dxc5 bxc5 20. Qc2 Qc7 21. Qe4 Bb7
22. Qe2 Ba8 23. c4 Nb4 24. Bxa8 Rxa8 25. Bc3 Rad8 26. Rad1 h5 27. h3 Kh7 28. f4
Nc6 29. Nxc6 Qxc6 30. Bxg7 Kxg7 31. Qe5+ Kg8 32. b3 Qb6 33. Qc3 Rd4 34. Rxd4
cxd4 35. Qd3 Rb8 36. Re4 Qxb3 37. Qxd4 Qxa4 38. Re5 Qb4 39. Kh2 a4 40. Qa7 Rc8
41. c5 Qxf4+ 0-1

[Event "Titled Tue 3rd Jan Late"]
[Site "chess.com INT"]
[Date "2025.06.03"]
[Round "9"]
[White "Mitrabha, Guha"]
[Black "Xiong, Jeffery"]
[Result "0-1"]
[WhiteTitle "GM"]
[BlackTitle "GM"]
[WhiteElo "2515"]
[BlackElo "2636"]
[WhiteFideId "5057000"]
[BlackFideId "2047640"]
[EventDate "2025.06.03"]

1. Nf3 c5 2. g3 Nc6 3. Bg2 g6 4. c3 e5 5. O-O Bg7 6. Na3 d5 7. d3 Nge7 8. c4 d4
9. e3 O-O 10. exd4 cxd4 11. Nc2 a5 12. Re1 h6 13. b3 Be6 14. Ba3 Re8 15. Nd2 f5
16. Bxe7 Rxe7 17. Rb1 Nb4 18. Nxb4 axb4 19. Ra1 e4 20. Qc1 e3 21. Nf1 f4 22. a3
Rxa3 23. Rxa3 bxa3 24. Qxa3 Rf7 25. gxf4 exf2+ 26. Kxf2 Qh4+ 27. Ng3 Qxf4+ 0-1

[Event "Titled Tue 3rd Jan Late"]
[Site "chess.com INT"]
[Date "2025.06.03"]
[Round "9"]
[White "Danila, Tudor-Gabriel"]
[Black "Postny, Evgeny"]
[Result "0-1"]
[WhiteTitle "CM"]
[BlackTitle "GM"]
[WhiteElo "2178"]
[BlackElo "2525"]
[WhiteFideId "1274244"]
[BlackFideId "2804344"]
[EventDate "2025.06.03"]

1. e4 e6 2. d4 d5 3. Nd2 Nd7 4. Ngf3 Ne7 5. Bd3 c5 6. c3 g6 7. O-O Bg7 8. exd5
Nxd5 9. dxc5 Nxc5 10. Bb5+ Bd7 11. Bxd7+ Qxd7 12. Qe2 Nf4 13. Qc4 Ncd3 14. Ne4
Ne2+ 15. Kh1 Nexc1 16. Rd1 f5 17. Raxc1 fxe4 18. Kg1 Qd5 19. Qa4+ b5 20. Qa3
exf3 21. c4 bxc4 22. Qa4+ Kf7 23. Rxc4 Rhd8 24. Rc7+ Kg8 25. Qa3 Qd4 26. Qe7
Qxf2+ 0-1

[Event "Titled Tue 3rd Jan Late"]
[Site "chess.com INT"]
[Date "2025.06.03"]
[Round "9"]
[White "Alekseev, Evgeny"]
[Black "Woodward, Andy"]
[Result "0-1"]
[WhiteTitle "GM"]
[BlackTitle "GM"]
[WhiteElo "2516"]
[BlackElo "2547"]
[WhiteFideId "4138147"]
[BlackFideId "30953499"]
[EventDate "2025.06.03"]

1. e4 e5 2. Nf3 Nc6 3. Bc4 Nf6 4. d3 h6 5. O-O d6 6. c3 g6 7. Bb3 Bg7 8. h3 O-O
9. Be3 d5 10. Nbd2 Be6 11. Ba4 Nd7 12. Re1 f5 13. Bxc6 bxc6 14. Nb3 f4 15. Bd2
Bf7 16. Na5 Qf6 17. d4 Rae8 18. dxe5 Nxe5 19. exd5 Nxf3+ 20. Qxf3 Bxd5 21. Qd3
Rd8 22. Qf1 Bxg2 23. Qxg2 Rxd2 24. Nc4 Rd5 25. Re4 Rg5 0-1

[Event "Titled Tue 3rd Jan Late"]
[Site "chess.com INT"]
[Date "2025.06.03"]
[Round "9"]
[White "Erzhanov, Arman"]
[Black "Harriott, Tyrell"]
[Result "1-0"]
[WhiteTitle "FM"]
[WhiteElo "2136"]
[BlackElo "1924"]
[WhiteFideId "4138821"]
[BlackFideId "2086484"]
[EventDate "2025.06.03"]

1. e4 d6 2. d4 Nf6 3. Nc3 Nbd7 4. h3 e5 5. Nge2 c6 6. g4 h6 7. a4 Be7 8. Bg2 Qc7
9. O-O O-O 10. f4 exf4 11. Bxf4 Re8 12. Ng3 Nf8 13. e5 N6h7 14. Nf5 Bxf5 15.
gxf5 dxe5 16. dxe5 Qb6+ 17. Kh1 Qxb2 18. Ne4 Rad8 19. Qg4 Kh8 20. Rab1 Qxc2 21.
Rxb7 Qxa4 22. Rxe7 Rxe7 23. Bxh6 gxh6 24. f6 Ne6 25. fxe7 Rg8 26. Qxg8+ Kxg8 27.
e8=Q+ Nhf8 28. Qxf7+ Kh8 29. Nf6 1-0

[Event "Titled Tue 3rd Jan Late"]
[Site "chess.com INT"]
[Date "2025.06.03"]
[Round "9"]
[White "Adewumi, Tanitoluwa"]
[Black "Lymar, Vladislav"]
[Result "1-0"]
[WhiteTitle "FM"]
[BlackTitle "CM"]
[WhiteElo "2376"]
[BlackElo "2216"]
[WhiteFideId "30966396"]
[BlackFideId "14162180"]
[EventDate "2025.06.03"]

1. Nf3 d5 2. b3 c5 3. e3 a6 4. Bb2 Nc6 5. d4 Nf6 6. Nbd2 e6 7. a3 Be7 8. Bd3 O-O
9. O-O b6 10. dxc5 bxc5 11. c4 Rb8 12. Qc2 h6 13. Rfd1 Qc7 14. cxd5 exd5 15.
Rac1 Na5 16. Be5 Bd6 17. Bxf6 gxf6 18. b4 Nb7 19. Bxa6 c4 20. e4 Ra8 21. Bxb7
Bxb7 22. exd5 Bxd5 23. Nxc4 Bxf3 24. Rxd6 Bh5 25. Qd2 Kg7 26. Rd7 Qc6 27. Ne3
Qe4 28. f3 Qe6 29. Rc6 Qxc6 30. Nf5+ 1-0

[Event "Titled Tue 3rd Jan Late"]
[Site "chess.com INT"]
[Date "2025.06.03"]
[Round "9"]
[White "Yilmaz, Baver"]
[Black "Kalyani Sirin"]
[Result "1-0"]
[WhiteTitle "FM"]
[BlackTitle "WFM"]
[WhiteElo "2233"]
[BlackElo "2136"]
[WhiteFideId "26363542"]
[BlackFideId "33323500"]
[EventDate "2025.06.03"]

1. e4 e5 2. Nf3 Nc6 3. Bb5 f5 4. d3 fxe4 5. dxe4 Nf6 6. O-O Bc5 7. Qd3 d6 8. Be3
Bxe3 9. Qxe3 Bd7 10. Nbd2 O-O 11. h3 Kh8 12. Nh2 Qe7 13. c3 Nh5 14. Be2 Nf4 15.
Bg4 Bxg4 16. hxg4 Nd8 17. g3 Nfe6 18. f4 Nf7 19. Kh1 a5 20. Rae1 a4 21. g5 h6
22. g6 Nfd8 23. f5 Ng5 24. Ndf3 Nxf3 25. Rxf3 Nc6 26. Ng4 Qe8 27. Nxh6 Ne7 28.
Kg2 Nxg6 29. Rh1 Nf4+ 30. gxf4 gxh6 31. Rxh6+ Kg7 32. Rg3+ Kxh6 33. fxe5+ Kh7
34. Rh3+ Kg7 35. Qg5+ Kf7 36. Rh7# 1-0

[Event "Titled Tue 3rd Jan Late"]
[Site "chess.com INT"]
[Date "2025.06.03"]
[Round "9"]
[White "Annaberdiyev, Babageldi"]
[Black "Distaso, Antonio Pio"]
[Result "1-0"]
[WhiteTitle "FM"]
[WhiteElo "2208"]
[BlackElo "2253"]
[WhiteFideId "14000385"]
[BlackFideId "805548"]
[EventDate "2025.06.03"]

1. e4 c5 2. Nf3 e6 3. d3 Nc6 4. Nbd2 g6 5. g3 Bg7 6. Bg2 e5 7. h4 h6 8. O-O Nge7
9. a4 O-O 10. c3 d6 11. Nc4 f5 12. b4 f4 13. b5 Nb8 14. Nh2 g5 15. hxg5 hxg5 16.
Qh5 Bf6 17. Ng4 Bxg4 18. Qxg4 Kg7 19. Qe6 Nc8 20. d4 exd4 21. gxf4 Qd7 22. Qd5
dxc3 23. fxg5 Bd4 24. Be3 Bxe3 25. fxe3 Ne7 26. Qxd6 Qxd6 27. Nxd6 Nd7 28. Nf5+
Nxf5 29. exf5 Rae8 30. e4 Ne5 31. Rac1 Rd8 32. Rxc3 b6 33. Rh3 Rd4 34. Rh6 Rxa4
35. f6+ Kf7 36. Rh7+ Kg6 37. Rg7+ Kh5 38. Kf2 Ng4+ 39. Kg3 Ra3+ 40. Bf3 1-0

[Event "Titled Tue 3rd Jan Late"]
[Site "chess.com INT"]
[Date "2025.06.03"]
[Round "9"]
[White "Hiwale, Ronak"]
[Black "Noroozi, Omid"]
[Result "1-0"]
[BlackTitle "IM"]
[WhiteElo "2105"]
[BlackElo "2266"]
[WhiteFideId "30975336"]
[BlackFideId "12501190"]
[EventDate "2025.06.03"]

1. Nf3 Nf6 2. g3 e6 3. Bg2 d5 4. O-O Be7 5. d3 O-O 6. Nbd2 c5 7. e4 Nc6 8. Re1
b5 9. exd5 exd5 10. Ne5 Nxe5 11. Rxe5 Be6 12. Nf3 Bd6 13. Re1 Rc8 14. Ng5 Bd7
15. h3 h6 16. Nf3 Bc6 17. Kh2 c4 18. Nh4 h5 19. Nf5 h4 20. Bg5 hxg3+ 21. fxg3
Qd7 22. Rf1 Nh7 23. Qg4 Nxg5 24. Qxg5 f6 25. Qg6 Rce8 26. Rae1 Re5 27. Rxe5 Bxe5
28. d4 Bc7 29. Re1 Bd8 30. Re6 Bb7 31. Rd6 Qc7 32. Rxd5 Bc8 33. Nh6+ Kh8 34. Rh5
Qxg3+ 1-0

[Event "Titled Tue 3rd Jan Late"]
[Site "chess.com INT"]
[Date "2025.06.03"]
[Round "9"]
[White "Sroczynski, Maciej"]
[Black "Tan, Zhongyi"]
[Result "0-1"]
[WhiteTitle "FM"]
[BlackTitle "GM"]
[WhiteElo "2236"]
[BlackElo "2536"]
[WhiteFideId "1121472"]
[BlackFideId "8603642"]
[EventDate "2025.06.03"]

1. Nf3 d5 2. g3 c5 3. d3 Nc6 4. Bg2 e5 5. O-O Bd6 6. e4 d4 7. Nbd2 Nge7 8. Nc4
Bc7 9. a4 O-O 10. Ne1 Be6 11. f4 f6 12. f5 Bf7 13. g4 a6 14. h4 b5 15. Na3 Rb8
16. g5 Kh8 17. h5 fxg5 18. Bxg5 h6 19. Bh4 Qe8 20. f6 Bxh5 21. Bf3 Bxf3 22. Qxf3
Ng6 23. Qg2 Kh7 24. Nf3 gxf6 25. Bg3 Rg8 26. Kf2 c4 27. Rh1 Qf8 28. Qh3 Nb4 29.
Qd7+ Qe7 30. Qxe7+ Nxe7 31. axb5 cxd3 32. cxd3 Nxd3+ 33. Ke2 Rxg3 34. Kxd3 Rxf3+
35. Kc4 Bd6 36. bxa6 Rb4# 0-1

[Event "Titled Tue 3rd Jan Late"]
[Site "chess.com INT"]
[Date "2025.06.03"]
[Round "9"]
[White "Jing, Andrew"]
[Black "El Jawich, Amro"]
[Result "0-1"]
[WhiteTitle "FM"]
[BlackTitle "FM"]
[WhiteElo "2254"]
[BlackElo "2307"]
[WhiteFideId "30984076"]
[BlackFideId "5300380"]
[EventDate "2025.06.03"]

1. e4 g6 2. d4 Bg7 3. Nc3 d5 4. e5 f6 5. f4 Nh6 6. Nf3 Bg4 7. Be3 Nf5 8. Bf2 e6
9. h3 Bxf3 10. Qxf3 fxe5 11. fxe5 O-O 12. Qg4 c5 13. Bd3 cxd4 14. Ne2 Qa5+ 15.
Kd1 Bxe5 16. Nxd4 Qb6 17. Nxf5 Qxf2 18. Ne7+ Kh8 19. Rf1 Qxf1+ 20. Bxf1 Rxf1+
21. Ke2 Rxa1 22. Qxe6 Nc6 23. Nxc6 bxc6 24. Qxe5+ Kg8 25. Qe6+ Kg7 26. Qxc6 Rf8
27. a3 Rff1 28. Qc7+ Kh6 29. g4 Rae1+ 30. Kd2 d4 31. Kd3 Rd1+ 32. Kc4 d3 33. h4
dxc2 34. g5+ Kh5 35. Qxh7+ Kg4 36. Qxg6 c1=Q+ 37. Kb3 Rf3+ 38. Ka4 Qc4+ 39. b4
Qc2+ 40. Ka5 Qxg6 0-1

[Event "Titled Tue 3rd Jan Late"]
[Site "chess.com INT"]
[Date "2025.06.03"]
[Round "9"]
[White "Drygalov, Andrey"]
[Black "Gustafsson, Jan"]
[Result "1-0"]
[WhiteTitle "GM"]
[BlackTitle "GM"]
[WhiteElo "2431"]
[BlackElo "2591"]
[WhiteFideId "24171735"]
[BlackFideId "4625498"]
[EventDate "2025.06.03"]

1. e4 e5 2. Nf3 Nc6 3. Bc4 Nf6 4. d3 Bc5 5. O-O d6 6. c3 a6 7. Re1 Ba7 8. Nbd2
O-O 9. h3 Na5 10. Bb3 Nxb3 11. axb3 h6 12. Nf1 Be6 13. Ng3 Re8 14. d4 c6 15. Be3
Qc7 16. b4 exd4 17. Bxd4 Bxd4 18. Nxd4 Rad8 19. Qf3 Kh7 20. Rad1 Bc8 21. Qf4 a5
22. Ndf5 axb4 23. Nxh6 bxc3 24. bxc3 gxh6 25. Qxf6 Qe7 26. Nh5 Qf8 27. Qf4 Re5
28. Nf6+ Kg7 29. Re3 Rg5 30. Red3 Qe7 31. Rxd6 Rxd6 32. Rxd6 Bxh3 33. g3 Qe5 34.
Qd2 Rxg3+ 35. fxg3 Qxg3+ 36. Kh1 h5 37. Nxh5+ 1-0

[Event "Titled Tue 3rd Jan Late"]
[Site "chess.com INT"]
[Date "2025.06.03"]
[Round "9"]
[White "Firouzja, Alireza"]
[Black "Sjugirov, Sanan"]
[Result "1-0"]
[WhiteTitle "GM"]
[BlackTitle "GM"]
[WhiteElo "2757"]
[BlackElo "2638"]
[WhiteFideId "12573981"]
[BlackFideId "4189302"]
[EventDate "2025.06.03"]

1. Nf3 Nf6 2. g3 d5 3. Bg2 c6 4. O-O Bg4 5. h3 Bxf3 6. Bxf3 e5 7. d3 Bc5 8. Bg2
O-O 9. c4 dxc4 10. Qc2 Nbd7 11. Qxc4 Qe7 12. Nc3 h6 13. Rb1 a5 14. Bd2 Rfd8 15.
Qb3 Rdb8 16. a3 Ba7 17. Qc2 Nc5 18. b4 axb4 19. axb4 Ne6 20. e3 Qd7 21. Rfd1 Rd8
22. Be1 Nc7 23. b5 Nxb5 24. Nxb5 cxb5 25. Qb3 Bb8 26. Qxb5 Qxb5 27. Rxb5 Bd6 28.
Rxb7 Ra2 29. d4 Bf8 30. Bf1 exd4 31. Bc4 Raa8 32. Bxf7+ Kh7 33. exd4 Ra4 34. d5
Ra2 35. Kf1 Bc5 36. d6 Rc2 37. Bb3 1-0

[Event "Titled Tue 3rd Jan Late"]
[Site "chess.com INT"]
[Date "2025.06.03"]
[Round "9"]
[White "Garcia Hernandez, Rebeca"]
[Black "Mai, Alexander Oliver"]
[Result "0-1"]
[WhiteTitle "WCM"]
[WhiteElo "1903"]
[BlackElo "2171"]
[WhiteFideId "5180872"]
[BlackFideId "2313391"]
[EventDate "2025.06.03"]

1. Nf3 Nf6 2. g3 g6 3. Bg2 Bg7 4. O-O O-O 5. c4 d6 6. Nc3 e5 7. d3 Re8 8. Qc2
Nc6 9. a3 a5 10. b3 Bf5 11. Bb2 Qd7 12. Rac1 Bh3 13. Rfd1 Bxg2 14. Kxg2 Rad8 15.
e4 Kh8 16. Nd5 Ng8 17. b4 f5 18. b5 Nce7 19. d4 fxe4 20. Qxe4 Nxd5 21. Qxd5 c6
22. bxc6 bxc6 23. Qe4 d5 24. cxd5 cxd5 25. Qc2 e4 26. Ne5 Qf5 27. Qc7 Nh6 28.
Qxa5 Rf8 29. Rf1 Ng4 30. Nxg4 Qxg4 31. h3 Qf3+ 32. Kg1 e3 33. fxe3 Qxg3+ 34. Kh1
Qxh3+ 35. Kg1 Qxe3+ 36. Kh1 Qh3+ 37. Kg1 Qg3+ 38. Kh1 Bh6 39. Rce1 Qh3+ 40. Kg1
Be3+ 0-1

[Event "Titled Tue 3rd Jan Late"]
[Site "chess.com INT"]
[Date "2025.06.03"]
[Round "9"]
[White "Amarasinghe, A A C B"]
[Black "Schuster, Karsten"]
[Result "0-1"]
[WhiteTitle "CM"]
[BlackTitle "FM"]
[WhiteElo "1949"]
[BlackElo "2266"]
[WhiteFideId "9901809"]
[BlackFideId "4611071"]
[EventDate "2025.06.03"]

1. d4 f5 2. g3 Nf6 3. Bg2 g6 4. Nf3 Bg7 5. O-O O-O 6. c4 d6 7. Nc3 c6 8. b3 Nbd7
9. Bb2 Qe8 10. d5 e5 11. dxe6 Qxe6 12. Nd4 Qe7 13. a4 Nc5 14. b4 Nce4 15. e3
Nxc3 16. Bxc3 Ne4 17. c5 Nxc3 18. Qb3+ Nd5 19. Bxd5+ cxd5 20. Qxd5+ Kh8 21. cxd6
Qf7 22. Qxf7 Rxf7 23. Rfd1 Bd7 24. b5 Rc8 25. Rac1 Rxc1 26. Rxc1 Bxd4 27. exd4
Kg7 28. Rc7 Be8 29. Rc8 Kf8 30. Kf1 Rd7 31. Rc7 Kf7 32. Ke2 Ke6 33. Rc8 Bf7 34.
Rh8 h5 35. Rh7 Kxd6 36. Ke3 g5 0-1

[Event "Titled Tue 3rd Jan Late"]
[Site "chess.com INT"]
[Date "2025.06.03"]
[Round "9"]
[White "Dogan, Umut Anil"]
[Black "Rosen, Eric"]
[Result "0-1"]
[WhiteTitle "CM"]
[BlackTitle "IM"]
[WhiteElo "2123"]
[BlackElo "2377"]
[WhiteFideId "51618060"]
[BlackFideId "2032562"]
[EventDate "2025.06.03"]

1. d4 d5 2. Nf3 Nf6 3. g3 Bf5 4. Bg2 e6 5. O-O Be7 6. c4 c6 7. Nc3 Nbd7 8. b3 h6
9. Bb2 O-O 10. Re1 Ne4 11. Nxe4 Bxe4 12. Nd2 Bxg2 13. Kxg2 f5 14. f3 Bb4 15. a3
Bxd2 16. Qxd2 Nf6 17. Bc3 a5 18. a4 b6 19. Rac1 Qd6 20. cxd5 exd5 21. Bb2 Rae8
22. Rc2 Re6 23. Qd3 f4 24. Bc1 fxg3 25. hxg3 Nh5 26. f4 Rg6 27. Rh1 Rxg3+ 28.
Qxg3 Nxg3 29. Kxg3 Qg6+ 0-1

[Event "Titled Tue 3rd Jan Late"]
[Site "chess.com INT"]
[Date "2025.06.03"]
[Round "9"]
[White "Guo, Felix"]
[Black "Fedoryshyn, Ievgenii"]
[Result "1-0"]
[BlackTitle "FM"]
[WhiteElo "2078"]
[BlackElo "2278"]
[WhiteFideId "30997550"]
[BlackFideId "26095467"]
[EventDate "2025.06.03"]

1. e4 c6 2. d4 d5 3. e5 c5 4. Nf3 cxd4 5. Nxd4 Nc6 6. Nxc6 bxc6 7. Bd3 g6 8. Nd2
Bg7 9. Qe2 Nh6 10. Nf3 O-O 11. O-O c5 12. c3 Qc7 13. Bf4 e6 14. Rad1 Nf5 15. g4
Ne7 16. h4 Bb7 17. h5 Qc6 18. h6 Bh8 19. Bg5 Rfe8 20. Bb5 Qb6 21. Bxe8 Rxe8 22.
Rfe1 Qc6 23. Kg2 d4 24. cxd4 cxd4 25. Rxd4 Bxe5 26. Rc4 Qd5 27. Rd1 Qb5 28. Bxe7
Bd5 29. Rxd5 exd5 30. Qxe5 1-0

[Event "Titled Tue 3rd Jan Late"]
[Site "chess.com INT"]
[Date "2025.06.03"]
[Round "9"]
[White "Reinecke, Katharina"]
[Black "Bustelo, Tabare"]
[Result "0-1"]
[WhiteTitle "WCM"]
[BlackTitle "CM"]
[WhiteElo "1921"]
[BlackElo "2043"]
[WhiteFideId "12929727"]
[BlackFideId "3000362"]
[EventDate "2025.06.03"]

1. d4 c5 2. dxc5 e5 3. g3 Bxc5 4. Bg2 Nf6 5. Bg5 O-O 6. a3 h6 7. Bd2 d5 8. b4
Bb6 9. e3 Nbd7 10. Ne2 Qe7 11. O-O Re8 12. Nbc3 Qd6 13. Na4 Bc7 14. Rc1 b5 15.
Nb2 a6 16. h3 Bb7 17. Kh2 Rab8 18. Nd3 h5 19. f4 h4 20. fxe5 hxg3+ 21. Nxg3 Nxe5
22. Nxe5 Qxe5 23. Qf3 Nh5 24. Qxf7+ Kh8 25. Rf4 Nxg3 26. Kxg3 g5 27. Bc3 gxf4+
28. Qxf4 Rg8+ 29. Kf2 Rxg2+ 30. Kxg2 Rg8+ 31. Kf1 Rg5 0-1